000 00445cam a2200169ua 4500
003 OSt
008 250823b |||||||| |||| 00| 0 eng d
041 _aeng
082 _a629.287
_bABB/AU
100 _aAbbey, Station.
_97762
245 _aAutomobile fault tracing /
250 _a2 /
260 _aNewjersey :
_bSir Isaac Pitman & Sons Ltd ,
_c1962.
300 _a260 ; .
490 0 _aPitman`s automobile maintenance series,
942 _cBK
999 _c2421
_d2421